Fractions #4 - Statistiques

Statistiques générales
  • Ce quiz a été pris 18 fois
    9 depuis la dernière actualisation
  • Le résultat moyen est 11 sur 20
Statistiques - réponses
Par images Réponse % Correct
15
100%
21
86%
1
71%
-18
71%
4
71%
63
71%
12
57%
16
57%
-20
57%
-4
57%
-10
43%
12
43%
24
43%
-27
43%
3
43%
-4
43%
49
43%
-56
43%
-63
43%
-72
43%
Aucun quiz correspondant
Distribution des résultats
% des personnes avec chaque résultat
Percentile par nombre de réponses
Votre historique - résultats
Vous n’avez pas pris ce quiz depuis la dernière actualisation